| 000 | 00580aam a2200229 4500 | ||
|---|---|---|---|
| 005 | 20171211142934.0 | ||
| 008 | 150810b xxu||||| |||| 00| 0 spa d | ||
| 041 | _aEspañol | ||
| 082 | _a913.728.1 P828p | ||
| 245 | _aPopol Vuh | ||
| 260 | _aEspaña | ||
| 260 | _bFondo de Cultura Económica | ||
| 260 | _c2003 | ||
| 300 | _a171 páginas | ||
| 500 | _aPrecio: 3.600 | ||
| 505 | _a30/09/09 | ||
| 650 |
_aINDIOS MAYAS _918360 |
||
| 650 |
_aRELIGIÓN Y MITOLOGÍA _918361 |
||
| 650 |
_aLIBRO SAGRADO _918362 |
||
| 650 |
_aMANUSCRITOS QUICHES _944887 |
||
| 942 | _cBK | ||
| 999 |
_c10083 _d10083 |
||